Surveys for town and country planning / (Record no. 16740)
[ view plain ]
| 000 -LEADER | |
|---|---|
| fixed length control field | 00860nam a22002891a 4500 |
| 001 - CONTROL NUMBER | |
| control field | 16740 |
| 003 - CONTROL NUMBER IDENTIFIER | |
| rucl marc code | BD-RjUL |
| 005 - DATE AND TIME OF LATEST TRANSACTION | |
| control field | 20211209000039.0 |
| 008 - FIXED-LENGTH DATA ELEMENTS--GENERAL INFORMATION | |
| fixed length control field | 140215r19681963enk b 001 0 eng |
| 035 ## - SYSTEM CONTROL NUMBER | |
| System control number | (BD-RjUL)16795 |
| System control number | (OCoLC)261396 |
| 040 ## - CATALOGING SOURCE | |
| Original cataloging agency | DLC |
| Transcribing agency | ODaWU |
| Modifying agency | OCoLC |
| -- | MoSU-L |
| -- | Uk |
| -- | DLC |
| -- | BD-RjUL |
| Language of cataloging | eng |
| 041 ## - LANGUAGE CODE | |
| Language code of text/sound track or separate title | eng |
| 082 ## - DEWEY DECIMAL CLASSIFICATION NUMBER | |
| Classification number | 309.26 |
| Author mark and year | JAS 1968 |
| 100 1# - MAIN ENTRY--PERSONAL NAME | |
| Personal name | Jackson, John N. |
| 9 (RLIN) | 51704 |
| 245 10 - TITLE STATEMENT | |
| Title | Surveys for town and country planning / |
| Statement of responsibility, etc. | John N. Jackson. |
| 260 ## - PUBLICATION, DISTRIBUTION, ETC. (IMPRINT) | |
| Place of publication, distribution, etc. | London : |
| Name of publisher, distributor, etc. | Hutchinson University Library, |
| Date of publication, distribution, etc. | c1963 [Reprinted 1968]. |
| 300 ## - PHYSICAL DESCRIPTION | |
| Pagination | 192 p. ; |
| Size | 19 cm. |
| 490 1# - SERIES STATEMENT | |
| Series statement | Geography |
| 504 ## - BIBLIOGRAPHY, ETC. NOTE | |
| Bibliography, etc | Includes bibliographies and index. |
| 650 #0 - SUBJECT ADDED ENTRY--TOPICAL TERM | |
| Topical term or geographic name as entry element | City planning. |
| 9 (RLIN) | 51705 |
| Topical term or geographic name as entry element | Land use. |
| 9 (RLIN) | 51706 |
| 830 #0 - SERIES ADDED ENTRY--UNIFORM TITLE | |
| Uniform title | Hutchinson university library. |
| 942 ## - ADDED ENTRY ELEMENTS (KOHA) | |
| Source of classification or shelving scheme | Dewey Decimal Classification |
| Koha item type | Books |
| Lost status | Source of classification or shelving scheme | Damaged status | Not for loan | Collection code | Permanent Location | Current Location | Shelving location | Date acquired | Source of acquisition | Cost, normal purchase price | Total Checkouts | Full call number | Date last seen | Copy number | Koha item type |
|---|---|---|---|---|---|---|---|---|---|---|---|---|---|---|---|
| Dewey Decimal Classification | Non-fiction | Central Library, University of Rajshahi | Central Library, University of Rajshahi | 10/01/1970 | Zeit | 0.12 | 309.26 JAS 1968 | 15/02/2014 | C-2 | Books | |||||
| Dewey Decimal Classification | Non-fiction | Central Library, University of Rajshahi | Central Library, University of Rajshahi | 26/11/1965 | Zitlinger | 15.00 | 309.26 JAS 1963 | 15/02/2014 | C-3 | Books | |||||
| Dewey Decimal Classification | Non-fiction | Central Library, University of Rajshahi | Central Library, University of Rajshahi | 30/06/1996 | 309.26 JAS 1968 | 29/12/2019 | C-4 | Books | |||||||
| Dewey Decimal Classification | Non-fiction | Central Library, University of Rajshahi | Central Library, University of Rajshahi | 21/09/1970 | Swets & Zeitlinger | 11.00 | 309.26 JAS 1968 | 14/01/2020 | C-5 | Books | |||||
| Dewey Decimal Classification | Non-fiction | Central Library, University of Rajshahi | Central Library, University of Rajshahi | 20/11/1965 | Zeitlinger | 15.00 | 309.26 JAS 1963 | 10/02/2020 | C-6 | Books |